Serpiente : la novela de la guerra americana /
محفوظ في:
| المؤلف الرئيسي: | |
|---|---|
| التنسيق: | غير معروف |
| اللغة: | Spanish |
| منشور في: |
México :
Unidad de Escritores,
1959.
|
| الموضوعات: | |
| الوسوم: |
إضافة وسم
لا توجد وسوم, كن أول من يضع وسما على هذه التسجيلة!
|
MARC
| LEADER | 000000000a22000000004500 | ||
|---|---|---|---|
| 001 | 002938 | ||
| 041 | 0 | |a spa | |
| 082 | 0 | 4 | |a M863.4 |b Q85s |
| 100 | 1 | |a Quirozz, Alberto | |
| 245 | 1 | 0 | |a Serpiente : |b la novela de la guerra americana / |c Alberto Quirozz. |
| 260 | 1 | |a México : |b Unidad de Escritores, |c 1959. | |
| 300 | |a 283 páginas | ||
| 650 | 4 | |a LITERATURA MEXICANA | |
| 650 | 4 | |a NOVELA | |
| 999 | |c 9265 |d 9265 | ||
| 942 | |c BK |h M863.4 Q85s |2 z | ||
